[Event "It (open) \"]
[Site "masterchessopen.com Buenos Aires (Argentina)"]
[Round "3"]
[White "Anelli Antonio (ARG)"]
[Black "Adla Diego (ARG)"]
[Result "0-1"]
[WhiteElo "2145"]
[BlackElo "2499"]

1.d4 Nf6 2.c4 e6 3.Nc3 Bb4 4.e3 b6 5.Ne2 Bb7 6.a3 Be7 7.d5 O-O 8.Ng3 d6 9.Be2
c6 10.e4 Na6 11.O-O Nc7 12.dxc6 Bxc6 13.f4 b5 14.e5 Nfe8 15.cxb5 Nxb5 16.Nxb5
Bxb5 17.Be3 Qb8 18.Bd4 dxe5 19.Bxe5 Qb6+ 20.Kh1 Rd8 21.Qc2 Bf6 22.Bxb5 Qxb5
23.Rfe1 Rd5 24.Bxf6 Nxf6 25.b4 Qb8 26.f5 Ng4 27.Qc4 Nf2+ 28.Kg1 Qb6 29.Kf1 Nd3
30.Re2 Rd4 {#R} 0-1

[Event "Ch Asian Cities (team)"]
[Site "masterchessopen.com Dubai (United Arab Emirates)"]
[Round "0"]
[White "Mirza Shahzad (PAK)"]
[Black "Adianto Utut (INA)"]
[Result "0-1"]
[WhiteElo "2268"]
[BlackElo "2485"]

1.d4 Nf6 2.c4 e6 3.Nc3 Bb4 4.e3 b6 5.Ne2 Bb7 6.a3 Be7 7.Ng3 d5 8.f3 O-O 9.Be2
c5 10.dxc5 bxc5 11.cxd5 exd5 12.Nf5 Nc6 13.O-O d4 14.Na4 Re8 15.exd4 Nxd4
16.Nxe7+ Qxe7 17.Bc4 Rad8 18.Bd2 Bd5 19.Re1 Qxe1+ 20.Bxe1 Bxc4 21.Qb1 Nb3
22.Bh4 Rd2 23.Nc3 Bd3 24.Qa2 c4 25.Bg5 Nxa1 26.Qxa1 Rc2 27.Bxf6 gxf6 28.h3 Rb8
29.Na4 c3 30.bxc3 Rd2 {#R} 0-1

[Event "Ch France (team)"]
[Site "masterchessopen.com France"]
[Round "0"]
[White "Kluss Kai (GER)"]
[Black "Boudre Jean-Pierre (FRA)"]
[Result "1-0"]
[WhiteElo "2150"]
[BlackElo "2299"]

1.d4 Nf6 2.c4 e6 3.Nc3 Bb4 4.e3 b6 5.Ne2 Bb7 6.Ng3 O-O 7.Bd3 d5 8.O-O Nc6 9.a3
Bxc3 10.bxc3 dxc4 11.Bxc4 Na5 12.Bd3 c5 13.Bb2 Qc7 14.Rc1 c4 15.Bc2 Nd5 16.Qe1
f5 17.Rd1 Rae8 18.Bc1 Nb3 19.e4 Nf6 20.f3 Nxc1 21.Rxc1 f4 22.Ne2 g5 23.Kh1 Nh5
24.Ng1 e5 25.Nh3 h6 26.Nf2 Nf6 27.Ba4 Rd8 28.Rd1 exd4 29.cxd4 c3 30.Bb3+ Kg7
31.e5 Nd5 32.Ng4 Rfe8 33.Bc2 Ne7 34.Nf6 Rf8 35.Qe2 Nd5 36.Qd3 Nxf6 37.exf6+
Kh8 38.Qg6 Rf7 39.Qxh6+ Kg8 40.Qg6+ {#r} 1-0

[Event "It (open)"]
[Site "masterchessopen.com Giessen (Germany)"]
[Round "0"]
[White "Reinemer Frank (GER)"]
[Black "Adamski Jan (POL)"]
[Result "0-1"]
[WhiteElo "2265"]
[BlackElo "2297"]

1.d4 Nf6 2.c4 e6 3.Nc3 Bb4 4.e3 b6 5.Ne2 c5 6.a3 Ba5 7.Bd2 O-O 8.Nf4 Bxc3
9.Bxc3 Ne4 10.Qc2 Nxc3 11.Qxc3 d6 12.Bd3 Nd7 13.Qc2 Nf6 14.g4 h6 15.O-O-O cxd4
16.exd4 Nxg4 17.Qd2 Qh4 18.Rdf1 Bb7 19.f3 Nf6 20.Rhg1 Kh8 21.Kb1 e5 22.Qg2 Rg8
23.Ne2 exd4 24.Ng3 Bc8 25.Qd2 Bh3 26.Rf2 Rae8 27.Ne4 Re6 28.Rg3 Bf5 29.Nxf6
Bxd3+ 30.Qxd3 Qxf6 31.Rfg2 Re3 32.Qd2 Rxf3 33.Rg4 d3 34.Ka2 Qe6 35.Qc3 Qe5
36.Qd2 Re3 37.Qc1 f5 38.Rg6 f4 39.Qd1 Re2 40.R2g4 Qxb2# 0-1

[Event "It"]
[Site "masterchessopen.com Ljubljana (Slovenia)"]
[Round "0"]
[White "Jelen Igor (SLO)"]
[Black "Grosar Aljosa (SLO)"]
[Result "0-1"]
[WhiteElo "2355"]
[BlackElo "2415"]

1.d4 Nf6 2.c4 e6 3.Nc3 Bb4 4.e3 b6 5.Ne2 c5 6.a3 Ba5 7.Rb1 Na6 8.Bd2 O-O 9.d5
Bb7 10.e4 exd5 11.exd5 Ng4 12.f3 Ne5 13.Nf4 Qf6 14.Kf2 Bxc3 15.bxc3 Nc7 16.g4
Ba6 17.Nh5 Qh4+ 18.Kg2 f5 19.Bf4 fxg4 20.Bxe5 gxf3+ 21.Kg1 f2+ 22.Kg2 Qe4+
{#R} 0-1

[Event "Olympiad"]
[Site "masterchessopen.com Manila (Philippines)"]
[Round "8"]
[White "Santa Luis A (PUR)"]
[Black "Powell J (JAM)"]
[Result "1-0"]
[WhiteElo "2184"]
[BlackElo "2205"]

1.d4 Nf6 2.c4 e6 3.Nc3 Bb4 4.e3 b6 5.Ne2 Bb7 6.a3 Bxc3+ 7.Nxc3 O-O 8.d5 d6
9.Be2 Nbd7 10.O-O e5 11.e4 Qe7 12.Bg5 h6 13.Be3 g5 14.Qd2 Kh8 15.b4 Rg8
16.Rac1 a5 17.Rfd1 Rgb8 18.h4 gxh4 19.Bxh6 Nh7 20.Nb5 axb4 21.axb4 Rg8 22.Bf3
Ndf6 23.Ra1 Ba6 24.Na3 Qd7 25.b5 Bb7 26.Kh1 Rg6 27.Nc2 Rag8 28.Ra7 Bc8 29.Nb4
Ng4 30.Be3 Nxe3 31.Qxe3 Nf6 32.Na6 Ng4 33.Qe2 Bxa6 34.bxa6 Nf6 35.Qd3 {#r} 1-0

[Event "Cup Final (w)"]
[Site "masterchessopen.com Melitopol (Ukraine)"]
[Round "4"]
[White "Prudnikova Svetlana (SRB)"]
[Black "Litynska Marta (UKR)"]
[Result "1-0"]
[WhiteElo "2349"]
[BlackElo "2326"]

1.d4 Nf6 2.c4 e6 3.Nc3 Bb4 4.e3 b6 5.Ne2 Bb7 6.a3 Be7 7.d5 O-O 8.Ng3 d6 9.Be2
c6 10.e4 Na6 11.O-O Nc7 12.f4 cxd5 13.exd5 exd5 14.Bf3 Qd7 15.cxd5 Rfe8 16.b4
a5 17.Bb2 axb4 18.axb4 Rxa1 19.Bxa1 Ba6 20.Re1 Bc4 21.Qd4 b5 22.Nf1 Bd8 23.Ne3
Na8 24.Ne4 Nc7 25.Bg4 Rxe4 26.Qxe4 Nxg4 27.Nxg4 f5 28.Nh6+ Kf8 29.Nxf5 Bxd5
30.Qd4 Bc4 31.Qxd6+ Qxd6 32.Nxd6 Bd5 33.Rd1 Bc4 34.Rd4 Be2 35.Rd2 Bc4 36.Nxb5
Ke7 37.Nxc7 Bxc7 38.g3 Bd8 39.Bxg7 {#r} 1-0

[Event "Ch Norway (team) East"]
[Site "masterchessopen.com Norway"]
[Round "1"]
[White "Tisdall Jonathan D (NOR)"]
[Black "Edvardsen Ragnar (NOR)"]
[Result "1-0"]
[WhiteElo "2435"]
[BlackElo "2045"]

1.d4 Nf6 2.c4 e6 3.Nc3 Bb4 4.e3 b6 5.Ne2 Bb7 6.a3 Be7 7.Nf4 O-O 8.Bd3 d5
9.cxd5 exd5 10.O-O Nbd7 11.f3 c5 12.Bc2 Rc8 13.Bb3 cxd4 14.exd4 Nb8 15.Kh1 Qd7
16.g4 h6 17.Nce2 Nc6 18.Bc2 Qc7 19.Nc3 Na5 20.Rf2 a6 21.Rg2 Rfe8 22.Nh5 Nxh5
23.gxh5 Bh4 24.Bxh6 f6 25.Qd3 {#r} 1-0

[Event "Ch Slovenia"]
[Site "masterchessopen.com Slovenia"]
[Round "0"]
[White "Jelen Igor (SLO)"]
[Black "Grosar Aljosa (SLO)"]
[Result "0-1"]
[WhiteElo "2355"]
[BlackElo "2415"]

1.d4 Nf6 2.c4 e6 3.Nc3 Bb4 4.e3 b6 5.Ne2 Ne4 6.Bd2 Nxd2 7.Qxd2 O-O 8.a3 Be7
9.g3 Bb7 10.d5 d6 11.Bg2 Nd7 12.O-O e5 13.f4 f5 14.e4 exf4 15.Nxf4 Bg5 16.exf5
Rxf5 17.Qc2 Re5 18.Ne6 Be3+ 19.Kh1 Qe7 20.Nb5 a6 21.Nbxc7 Rc8 22.Rae1 Bh6
23.Qf2 Rxe1 24.Rxe1 Qf7 25.Qg1 Qh5 26.Qf2 Qf7 27.Qg1 Qf6 28.Re2 Qg6 29.Be4 Qh5
30.Qf1 Nf6 31.Rf2 Qf7 32.g4 Rxc7 33.g5 Bxg5 34.Nxg5 Qh5 35.Ne6 Rf7 36.Bg2 Ng4
37.Bf3 Rxf3 {#R} 0-1

[Event "Ch Slovenia"]
[Site "masterchessopen.com Slovenia"]
[Round "0"]
[White "Jelen Iztok (SLO)"]
[Black "Grosar Aljosa (SLO)"]
[Result "1-0"]
[WhiteElo "2430"]
[BlackElo "2415"]

1.d4 Nf6 2.c4 e6 3.Nc3 Bb4 4.e3 b6 5.Ne2 c5 6.a3 Ba5 7.g3 Bb7 8.d5 Ne4 9.Bd2
Nxd2 10.Qxd2 d6 11.Bg2 Nd7 12.O-O Bxc3 13.Nxc3 e5 14.f4 exf4 15.gxf4 O-O 16.e4
Ba6 17.b3 Qh4 18.Rae1 Rae8 19.Re3 f5 20.exf5 Nf6 21.Re6 Bc8 22.Nb5 Rd8 23.Rxd6
Bxf5 24.Rxd8 Rxd8 25.Qf2 Qh5 26.Re1 a6 27.Nc7 h6 28.b4 Ng4 29.Qg3 Qf7 30.Ne6
Re8 31.Bh3 Qg6 32.Bxg4 Bxg4 33.h3 Bf5 34.Qxg6 Bxg6 35.bxc5 bxc5 36.d6 Rxe6
37.Rxe6 Bf5 38.d7 {#r} 1-0

[Event "It (open)"]
[Site "masterchessopen.com Wiesbaden (Germany)"]
[Round "0"]
[White "Leimeister Erhard (GER)"]
[Black "Bandza Algirdas (LTU)"]
[Result "0-1"]
[WhiteElo "2254"]
[BlackElo "2376"]

1.c4 e6 2.d4 Nf6 3.Nc3 Bb4 4.e3 b6 5.Ne2 Ne4 6.Qc2 Bb7 7.a3 Bxc3+ 8.Nxc3 Nxc3
9.Qxc3 O-O 10.b3 Qh4 11.Bb2 d6 12.d5 e5 13.Bd3 Nd7 14.g3 Qh5 15.Be2 Qf5 16.g4
Qf6 17.h4 c6 18.g5 Qe7 19.dxc6 Bxc6 20.Rg1 Rac8 21.Rd1 Nc5 22.f3 f6 23.g6 h6
24.Rd2 Rfd8 25.h5 Ne6 26.Qc2 Ng5 27.e4 a6 28.Rd1 b5 29.Bc1 Qa7 30.Rh1 Ne6
31.Bf1 bxc4 32.Bxc4 d5 33.exd5 Bxd5 34.Rxd5 Rxd5 35.Qf5 Qd7 36.Kf2 Rd6 37.a4
Rxc4 38.bxc4 Qxa4 {#R} 0-1

[Event "It (open)"]
[Site "masterchessopen.com Benasque (Spain)"]
[Round "6"]
[White "Garcia Vicente Nieves (ESP)"]
[Black "Izeta Txabarri Felix (ESP)"]
[Result "0-1"]
[WhiteElo "2214"]
[BlackElo "2510"]

1.d4 Nf6 2.c4 e6 3.Nc3 Bb4 4.e3 b6 5.Ne2 Ne4 6.Bd2 Nxd2 7.Qxd2 O-O 8.a3 Be7
9.Nf4 c5 10.d5 Bg5 11.g3 e5 12.h4 Bxf4 13.exf4 exf4 14.Qxf4 Qe7+ 15.Kd2 a6
16.Bd3 d6 17.Rae1 Qc7 18.Ne4 Nd7 19.Qxd6 Qb7 20.Ng5 h6 21.Nh7 b5 22.Nxf8 bxc4
23.Bh7+ Kh8 24.Bc2 Nf6 25.Nh7 Bf5 26.b4 Bxh7 27.Re7 Qc8 28.Qc6 Qd8 29.Rhe1
cxb4 30.axb4 Rc8 31.Qb7 Rb8 32.Qc6 a5 33.b5 Rc8 34.Qb7 Rc5 35.Kc1 Bxc2 36.Kxc2
Rxd5 37.Rxf7 Rd2+ 38.Kc1 Qd3 39.Qa8+ Ng8 40.Qe4 Qc3+ {#R} 0-1

[Event "It (open)"]
[Site "masterchessopen.com Gausdal (Norway)"]
[Round "0"]
[White "Johansen Oivind (NOR)"]
[Black "Thorarinsson Pall A (ISL)"]
[Result "1-0"]
[WhiteElo "2175"]
[BlackElo "2264"]

1.d4 Nf6 2.c4 e6 3.Nc3 Bb4 4.e3 b6 5.Ne2 Ne4 6.Qc2 Bb7 7.a3 Bxc3+ 8.Nxc3 f5
9.b3 Nxc3 10.Qxc3 d6 11.Bb2 Qe7 12.O-O-O Nd7 13.f3 O-O-O 14.Bd3 Rhf8 15.Qc2
Qg5 16.Rhe1 Kb8 17.Kb1 h5 18.b4 c5 19.dxc5 dxc5 20.b5 e5 21.Rd2 g6 22.Bf1 e4
23.f4 Qe7 24.Red1 Nf6 25.Be5+ Ka8 26.Bd6 Rxd6 27.Rxd6 Ng4 28.Qd2 Kb8 29.h3 Nf6
30.a4 Kc7 31.a5 Rh8 32.a6 Ba8 33.Qc3 Rf8 34.Qe5 {#r} 1-0

[Event "It (juniors)"]
[Site "masterchessopen.com Hallsberg (Sweden)"]
[Round "0"]
[White "Ohlzon Nils-Johan (SWE)"]
[Black "Hellsten Johan (SWE)"]
[Result "0-1"]
[WhiteElo "2158"]
[BlackElo "2550"]

1.d4 Nf6 2.c4 e6 3.Nc3 Bb4 4.e3 b6 5.Ne2 Ne4 6.Qc2 Bb7 7.a3 Bxc3+ 8.Nxc3 Nxc3
9.Qxc3 Qh4 10.b4 O-O 11.Bb2 f5 12.d5 Qh6 13.Rd1 f4 14.e4 Re8 15.Be2 exd5
16.exd5 d6 17.Qf3 Nd7 18.O-O Ne5 19.Bxe5 Rxe5 20.Rd4 Rf8 21.Re4 Rfe8 22.Rxe5
Rxe5 23.Rd1 Qf6 24.Bf1 Bc8 25.Rd4 g5 26.h3 Bf5 27.Rd2 h6 28.Qd1 Qe7 29.Re2
Rxe2 30.Qxe2 Qxe2 31.Bxe2 Kg7 32.Kf1 Kf6 33.Ke1 Ke5 34.Kd2 Kd4 35.Bf1 Bb1 {#R}
0-1

[Event "Ch Club"]
[Site "masterchessopen.com Helsinki (Finland)"]
[Round "0"]
[White "Salo Heikki (FIN)"]
[Black "Hellsten Johan (SWE)"]
[Result "0-1"]
[WhiteElo "2229"]
[BlackElo "2550"]

1.d4 e6 2.c4 Nf6 3.Nc3 Bb4 4.e3 b6 5.Ne2 Ne4 6.Qc2 Bb7 7.a3 Bxc3+ 8.Nxc3 Nxc3
9.Qxc3 O-O 10.b4 a5 11.b5 Qf6 12.Bb2 d6 13.Qc2 Qe7 14.Bd3 f5 15.Rg1 Qh4 16.d5
Nd7 17.dxe6 Nc5 18.O-O-O Rae8 19.f3 Rxe6 20.g4 f4 21.e4 Re5 22.Bxe5 dxe5 23.g5
Bc8 24.Qc3 Qxh2 25.Bc2 Be6 26.g6 h6 27.Qxe5 Bxc4 28.Kb1 Qe2 {#R} 0-1

[Event "It (open)"]
[Site "masterchessopen.com Komotini (Greece)"]
[Round "8"]
[White "Ibragimov Ildar (USA)"]
[Black "Graf Alexander (GER)"]
[Result "1-0"]
[WhiteElo "2540"]
[BlackElo "2580"]

1.d4 Nf6 2.c4 e6 3.Nc3 Bb4 4.e3 b6 5.Ne2 c5 6.a3 Ba5 7.g3 Nc6 8.Bg2 Bxc3+
9.Nxc3 Ba6 10.Qa4 Qc8 11.O-O O-O 12.Rd1 Rb8 13.Nb5 d5 14.Bd2 Rd8 15.Rac1 Qb7
16.Bc3 Ne8 17.cxd5 exd5 18.e4 Bxb5 19.Qxb5 Nd6 20.Qa4 b5 21.Qc2 Nxe4 22.dxc5
f5 23.Bd2 Qf7 24.Bf4 Rbc8 25.f3 g5 26.fxe4 gxf4 27.exd5 Ne5 28.gxf4 Nc4 29.Qf2
Re8 30.d6 Red8 31.Bd5 {#r} 1-0

[Event "It (open)"]
[Site "masterchessopen.com Las Palmas (Spain)"]
[Round "7"]
[White "Sarmiento Alfonso Braulio (ESP)"]
[Black "Ward Christopher (ENG)"]
[Result "0-1"]
[WhiteElo "2359"]
[BlackElo "2460"]

1.d4 Nf6 2.c4 e6 3.Nc3 Bb4 4.e3 b6 5.Ne2 Ne4 6.f3 Nxc3 7.bxc3 Be7 8.Ng3 Nc6
9.Bd3 Ba6 10.e4 Na5 11.Qe2 d6 12.f4 Qd7 13.Nf1 f5 14.Nd2 fxe4 15.Bxe4 O-O-O
16.O-O Bf6 17.Bd3 Kb8 18.Rb1 c5 19.Ne4 cxd4 20.Nxf6 gxf6 21.cxd4 Rc8 22.f5 e5
23.Rd1 Bxc4 24.dxe5 fxe5 25.Ba3 Rhd8 26.Bb4 Bxd3 27.Qxd3 Nb7 28.f6 Rc7 29.Rf1
Qe6 30.a4 Rf8 31.Qf3 Rcf7 32.Qc6 Rxf6 33.Rfd1 Qa2 34.Qd5 Qf2+ {#R} 0-1

[Event "It (open)"]
[Site "masterchessopen.com Las Vegas (USA)"]
[Round "0"]
[White "Saidy Anthony F (USA)"]
[Black "Hough Randall D (USA)"]
[Result "1-0"]
[WhiteElo "2336"]
[BlackElo "1993"]

1.d4 Nf6 2.c4 e6 3.Nc3 Bb4 4.e3 b6 5.Ne2 Ne4 6.Bd2 Nxd2 7.Qxd2 Bb7 8.a3 Bxc3
9.Nxc3 f5 10.d5 O-O 11.Be2 a5 12.O-O Na6 13.Qc2 Qh4 14.g3 Qh3 15.Rfd1 e5
16.Bf1 Qh5 17.Rab1 Rae8 18.b4 axb4 19.axb4 d6 20.Na4 Bc8 21.c5 bxc5 22.bxc5 f4
23.cxd6 cxd6 24.Re1 Rf6 25.exf4 Rh6 26.h4 Bf5 27.Bd3 Bxd3 28.Qxd3 Nc7 29.Qc4
Qf7 30.Rb7 Re7 31.f3 Nxd5 32.Rb8+ {#r} 1-0

[Event "It (open)"]
[Site "masterchessopen.com Leeuwarden (Netherlands)"]
[Round "8"]
[White "Kluss Kai (GER)"]
[Black "Theulings Paul-Peter (NED)"]
[Result "1-0"]
[WhiteElo "2150"]
[BlackElo "2132"]

1.d4 Nf6 2.c4 e6 3.Nc3 Bb4 4.e3 b6 5.Ne2 c5 6.a3 Ba5 7.Ng3 Bb7 8.Bd3 Na6 9.O-O
Bxc3 10.bxc3 h5 11.e4 h4 12.e5 hxg3 13.fxg3 Qc7 14.exf6 gxf6 15.Rxf6 O-O-O
16.Rxf7 Rdg8 17.Bf4 Qc6 18.d5 exd5 19.Bf5 Nb8 20.Ra2 dxc4 21.Rd2 Rf8 22.Rfxd7
{#r} 1-0

[Event "It (open) \"]
[Site "masterchessopen.com London (England)"]
[Round "3"]
[White "Rossiter Philip J (ENG)"]
[Black "McEwan Ken B (SCO)"]
[Result "1-0"]
[WhiteElo "2376"]
[BlackElo "2109"]

1.d4 Nf6 2.c4 e6 3.Nc3 Bb4 4.e3 b6 5.Ne2 Bb7 6.a3 Bxc3+ 7.Nxc3 d6 8.d5 Nbd7
9.Be2 Qe7 10.O-O c6 11.dxc6 Bxc6 12.b3 d5 13.cxd5 Nxd5 14.Bb2 O-O 15.Rc1 Ne5
16.b4 Rad8 17.Qc2 Nd7 18.Bf3 N7f6 19.Ne4 Ba8 20.Nxf6+ Nxf6 21.Bxa8 Rxa8
22.Rfd1 Rfd8 23.Rd4 Rxd4 24.Bxd4 e5 25.Bb2 Rd8 26.h3 Nd5 27.Rd1 Rd7 28.Bxe5 f6
29.Bg3 Kf8 30.e4 Nxb4 31.Qc8+ {#r} 1-0

[Event "Memorial J.Capablanca (a)"]
[Site "masterchessopen.com Matanzas (Cuba)"]
[Round "0"]
[White "Lesiege Alexandre (CAN)"]
[Black "Nogueiras Jesus (CUB)"]
[Result "1-0"]
[WhiteElo "2485"]
[BlackElo "2580"]

1.d4 e6 2.c4 Nf6 3.Nc3 Bb4 4.e3 b6 5.Ne2 Bb7 6.a3 Be7 7.d5 O-O 8.g3 Ne8 9.Bg2
Nd6 10.b3 c6 11.e4 cxd5 12.exd5 e5 13.g4 Na6 14.Ng3 Nc5 15.O-O a5 16.f4 f6
17.a4 exf4 18.Bxf4 Re8 19.Qc2 Ba6 20.Rae1 Bf8 21.Nce4 Ndxe4 22.Nxe4 d6 23.Nxc5
Rxe1 24.Rxe1 bxc5 25.Be4 g6 26.Bxg6 hxg6 27.Qxg6+ Bg7 28.Re6 Qd7 29.Bxd6 Qf7
30.Qxf7+ Kxf7 31.Bxc5 Rc8 32.Rxa6 Rxc5 33.Ra7+ Kg6 34.d6 Rc6 35.d7 Rd6 36.c5
Rd1+ 37.Kg2 Bh6 38.c6 Bf4 39.c7 Rxd7 40.c8=Q {#r} 1-0

[Event "Zt"]
[Site "masterchessopen.com Nikolaev (Ukraine)"]
[Round "1"]
[White "Aleksandrov Aleksej (BLR)"]
[Black "Maksimenko Andrei (UKR)"]
[Result "1-0"]
[WhiteElo "2618"]
[BlackElo "2435"]

1.d4 Nf6 2.c4 e6 3.Nc3 Bb4 4.e3 b6 5.Ne2 c5 6.a3 Ba5 7.Bd2 O-O 8.d5 d6 9.Ng3
Bb7 10.e4 exd5 11.exd5 Bxc3 12.Bxc3 b5 13.b3 Nbd7 14.Be2 bxc4 15.bxc4 Re8
16.O-O Ba6 17.Qa4 Qc8 18.Rfe1 Ne4 19.Nxe4 Rxe4 20.Bd3 Nb6 21.Qc2 Rh4 22.g3
Rxc4 23.Bxh7+ Kh8 24.Bd3 Ra4 25.Bxa6 Qxa6 26.Re7 Rf8 27.Rae1 Qc8 28.R1e6 Kg8
29.Bxg7 Rc4 30.Bc3 {#r} 1-0

[Event "Ch Russia (club)"]
[Site "masterchessopen.com Podolsk (Russia)"]
[Round "0"]
[White "Serafimov Dmitry (RUS)"]
[Black "Seferjan Narek (ARM)"]
[Result "1-0"]
[WhiteElo "2404"]
[BlackElo "2416"]

1.d4 e6 2.c4 Nf6 3.Nc3 Bb4 4.e3 b6 5.Ne2 Ne4 6.Qc2 Bb7 7.a3 Bxc3+ 8.Nxc3 f5
9.d5 O-O 10.Nxe4 fxe4 11.Qxe4 Qf6 12.f3 Na6 13.Qd4 Qxd4 14.exd4 exd5 15.cxd5
Rae8+ 16.Kf2 d6 17.Bb5 Re4 18.Be3 Nb8 19.Rac1 Rf7 20.Rxc7 Rxc7 21.fxe4 Rc2+
22.Kf3 Rxb2 23.Be2 Rc2 24.Bf4 Nd7 25.Bxd6 Nf6 26.Bd3 Rd2 27.Ke3 Rxg2 28.Rc1
Rg6 29.Be5 Ne8 30.Bb5 Kf8 31.Bxe8 Kxe8 32.Rc7 Ba6 33.Rxa7 Bb5 34.Rxg7 Rh6
35.d6 Bd7 36.Bg3 {#r} 1-0

[Event "Zt"]
[Site "masterchessopen.com Protvino (Russia)"]
[Round "34"]
[White "Supatashvili Khvicha (GEO)"]
[Black "Anastasian Ashot (ARM)"]
[Result "1-0"]
[WhiteElo "2450"]
[BlackElo "2530"]

1.d4 Nf6 2.c4 e6 3.Nc3 Bb4 4.e3 b6 5.Ne2 O-O 6.a3 Bxc3+ 7.Nxc3 d5 8.Be2 Ba6
9.b3 Nc6 10.Qc2 e5 11.cxd5 Bxe2 12.dxc6 Ba6 13.dxe5 Ng4 14.Qf5 h5 15.f3 Nxe5
16.Qxe5 Re8 17.Qf4 Qd3 18.Bd2 Qc2 19.Ra2 Qg6 20.Kf2 Rad8 21.Rc1 Rd3 22.e4 h4
23.Be3 h3 24.gxh3 Re6 25.Rd2 Rf6 26.Qg4 Rxd2+ 27.Bxd2 {#r} 1-0

[Event "Ch Italy (juniors)"]
[Site "masterchessopen.com Rimini (Italy)"]
[Round "0"]
[White "Agostani Andrea (ITA)"]
[Black "Giordani Marco (ITA)"]
[Result "0-1"]
[WhiteElo "2165"]
[BlackElo "2140"]

1.d4 Nf6 2.c4 e6 3.Nc3 Bb4 4.e3 b6 5.Ne2 Bb7 6.a3 Be7 7.f3 d5 8.cxd5 exd5
9.Ng3 O-O 10.Bd3 Re8 11.O-O Bf8 12.b4 c5 13.bxc5 bxc5 14.Bb5 Re6 15.Kh1 Qc7
16.e4 cxd4 17.exd5 Qxc3 18.Bd2 Qc5 19.dxe6 Qxb5 20.exf7+ Kxf7 21.Rb1 Qd5
22.Qc2 Na6 23.Ne4 Rc8 24.Qb2 Bc6 25.Bf4 Nc5 26.Rbd1 Ne6 27.Be3 Bb5 28.Rfe1 Rc4
29.Bxd4 Nxd4 30.Nc3 Qc5 31.Nxb5 Qxb5 32.Qa2 Qb3 33.Qf2 Qxa3 34.Rxd4 Bc5 35.Qe2
Rxd4 36.Qe6+ Kg6 37.h4 Rxh4+ {#R} 0-1

[Event "It (open)"]
[Site "masterchessopen.com Sevilla (Spain)"]
[Round "0"]
[White "Gomez Jurado Luis Alberto (ESP)"]
[Black "Kurajica Bojan (CRO)"]
[Result "0-1"]
[WhiteElo "2305"]
[BlackElo "2550"]

1.d4 Nf6 2.c4 e6 3.Nc3 Bb4 4.e3 b6 5.Ne2 Bb7 6.a3 Be7 7.d5 exd5 8.cxd5 O-O
9.Ng3 Re8 10.Be2 Bf8 11.O-O c5 12.e4 d6 13.f4 Nbd7 14.Re1 g6 15.Bf3 a6 16.a4
Bg7 17.Nf1 Rc8 18.Be3 h5 19.Nd2 c4 20.Be2 Nc5 21.Nxc4 Nfxe4 22.Bd4 Bxd4+
23.Qxd4 Nb3 24.Qxb6 Nxc3 25.bxc3 Nxa1 26.Qxb7 {#R} 0-1

[Event "It (open)"]
[Site "masterchessopen.com Untergrombach (Germany)"]
[Round "5"]
[White "Mendzigall Martin (GER)"]
[Black "Florea Dan (GER)"]
[Result "0-1"]
[WhiteElo "1932"]
[BlackElo "2304"]

1.d4 Nf6 2.c4 e6 3.Nc3 Bb4 4.e3 b6 5.Ne2 Bb7 6.a3 Be7 7.Nf4 O-O 8.Bd3 c5 9.d5
Bd6 10.e4 Be5 11.Nfe2 Re8 12.O-O exd5 13.cxd5 d6 14.g3 Nfd7 15.f4 Bf6 16.Kg2
a6 17.g4 h6 18.Ng3 b5 19.Nf5 Nb6 20.Qf3 Bc8 21.e5 Bxf5 22.gxf5 dxe5 23.fxe5
Bxe5 24.Qg4 Bxc3 25.bxc3 Qf6 26.Bd2 N8d7 27.Bc2 Ne5 28.Qg3 Nec4 29.Bf4 Nxd5
30.Bc1 {#R} 0-1

[Event "It (open)"]
[Site "masterchessopen.com Aegina (Greece)"]
[Round "0"]
[White "Mamedova Rena (GER)"]
[Black "Aleksic Nenad (MNE)"]
[Result "1-0"]
[WhiteElo "2353"]
[BlackElo "2012"]

1.d4 Nf6 2.c4 e6 3.Nc3 Bb4 4.e3 b6 5.Ne2 c5 6.a3 Ba5 7.Bd2 O-O 8.Rb1 Na6 9.Ng3
Bb7 10.Bd3 cxd4 11.exd4 Bxc3 12.Bxc3 d5 13.b3 Qd6 14.O-O Rfd8 15.Nh5 Nxh5
16.Qxh5 h6 17.Bb2 Nb8 18.Rfe1 Nc6 19.Rbd1 Qf4 20.Re3 Qg5 21.Qh3 dxc4 22.bxc4
Qf6 23.Rf3 Qe7 24.d5 exd5 25.Bxg7 Kxg7 26.Rg3+ Kf8 27.Qxh6+ Ke8 28.Re3 Ne5
29.Qh8+ Kd7 30.Qxe5 Qxe5 31.Rxe5 Rac8 32.Bf5+ Kd6 33.Bxc8 Rxc8 34.Re4 Rc5
35.h4 Ra5 36.h5 {#r} 1-0

[Event "Staatsliga B South 1993/94"]
[Site "masterchessopen.com Austria"]
[Round "0"]
[White "Nickl Klaus (AUT)"]
[Black "Egartner Wolfgang (AUT)"]
[Result "1-0"]
[WhiteElo "2144"]
[BlackElo "2151"]

1.d4 Nf6 2.c4 e6 3.Nc3 Bb4 4.e3 b6 5.Ne2 Bb7 6.a3 Be7 7.d5 exd5 8.cxd5 O-O
9.g3 c5 10.Bg2 d6 11.O-O Na6 12.e4 Qd7 13.h3 b5 14.g4 Ne8 15.Ng3 c4 16.Nf5 Bd8
17.Be3 Bb6 18.Bxb6 axb6 19.Qd4 Nc5 20.Rad1 Ba6 21.f4 f6 22.e5 fxe5 23.fxe5
dxe5 24.Qxe5 Nf6 25.d6 Bb7 26.Bxb7 Qxb7 27.g5 Nfe4 28.d7 Nxc3 29.Qxg7# 1-0

[Event "It"]
[Site "masterchessopen.com Budapest (Hungary)"]
[Round "8"]
[White "Lugovoi Aleksei (RUS)"]
[Black "Grosar Aljosa (SLO)"]
[Result "1-0"]
[WhiteElo "2465"]
[BlackElo "2430"]

1.d4 Nf6 2.c4 e6 3.Nc3 Bb4 4.e3 b6 5.Ne2 c5 6.a3 Ba5 7.Rb1 Na6 8.Bd2 O-O 9.d5
d6 10.Ng3 Bxc3 11.Bxc3 exd5 12.cxd5 Nc7 13.Bc4 b5 14.Ba2 a5 15.Qf3 b4 16.Bxf6
Qxf6 17.Qxf6 gxf6 18.Bc4 Ba6 19.Bxa6 Rxa6 20.axb4 axb4 21.Ke2 Re8 22.Rhd1 Re5
23.e4 f5 24.f4 Re8 25.e5 dxe5 26.Nxf5 Nb5 27.Kd3 Rf6 28.g4 Rxf5 29.gxf5 Nd6
30.f6 exf4 31.Rg1+ Kf8 32.Rbe1 c4+ 33.Kd4 Rc8 34.Ke5 Ne8 35.Rg4 h5 36.Rg5 f3
37.Rxh5 Nxf6 38.Kxf6 {#r} 1-0

[Event "It"]
[Site "masterchessopen.com Canete (Spain)"]
[Round "2"]
[White "Kharlov Andrei (RUS)"]
[Black "Garcia Palermo Carlos (ITA)"]
[Result "0-1"]
[WhiteElo "2530"]
[BlackElo "2490"]

1.d4 Nf6 2.c4 e6 3.Nc3 Bb4 4.e3 b6 5.Ne2 c5 6.a3 Ba5 7.Bd2 O-O 8.d5 exd5
9.cxd5 d6 10.Ng3 a6 11.Be2 b5 12.O-O Nbd7 13.b4 Bb6 14.e4 cxb4 15.axb4 Ra7
16.h3 Ne5 17.Rc1 Re8 18.Qb3 h6 19.Qb1 Nh7 20.Nd1 Qh4 21.Be3 Bxe3 22.Nxe3 g6
23.Kh2 Bxh3 24.Rh1 Bd7+ 25.Kg1 Qf4 26.Kf1 Nf6 27.Bd1 h5 28.Ne2 Qh6 29.Rc3 Raa8
30.f3 Rec8 31.Rxc8+ Rxc8 32.Kf2 Nc4 33.Nxc4 bxc4 34.Qa1 c3 35.Ba4 c2 36.Rc1
Bxa4 37.Qxa4 Qd2 38.Qxa6 Rc3 39.Qa1 Re3 40.Rxc2 Rxe2+ {#R} 0-1

[Event "Ch Denmark (team) 1993/94"]
[Site "masterchessopen.com Denmark"]
[Round "4"]
[White "Hvenekilde Jorgen (DEN)"]
[Black "Hutters Tomas (DEN)"]
[Result "1-0"]
[WhiteElo "2335"]
[BlackElo "2420"]

1.d4 Nf6 2.c4 e6 3.Nc3 Bb4 4.e3 b6 5.Ne2 c5 6.d5 b5 7.a3 Ba5 8.Ng3 O-O 9.d6
bxc4 10.Bxc4 Bxc3+ 11.bxc3 Qa5 12.Qd3 Ba6 13.O-O Nd5 14.Rb1 Nb6 15.Bxa6 Qxa6
16.Qb5 Qxb5 17.Rxb5 Rc8 18.Rd1 Rc6 19.e4 Na6 20.e5 Rb8 21.Ne4 Nc4 22.Rxb8+
Nxb8 23.f4 Na6 24.Kf2 Rb6 25.Be3 Rb2+ 26.Kf3 Rb5 27.a4 Ra5 28.Rb1 Nb6 29.Rb5
Rxa4 30.Bxc5 Nxc5 31.Rxc5 Rc4 32.Rc7 Kf8 33.Rxa7 f5 34.exf6 gxf6 35.Rc7 Rxc7
36.dxc7 Ke7 37.g4 e5 38.Nc5 Kd6 {#r} 1-0